| 000 | 00715nam a22001935i 4500 | ||
|---|---|---|---|
| 001 | 155418 | ||
| 003 | ES-MaACL | ||
| 005 | 20230906210052.0 | ||
| 008 | 040721s1897 fr a |||| | fre d | ||
| 040 |
_aCAM _bspa _cCAM |
||
| 100 | 1 |
_aHeulhard, Arthur. _9127952 |
|
| 245 | 1 | 0 |
_aVillegagnon, roi d'Amérique _b: un homme de mer au XVI\pe\s siècle (1510-1572) / _cArthur Heulhard. |
| 260 |
_aParis : _bErnest Leroux éditeur, _c1897. |
||
| 300 |
_aVI, 366 p., [10] h. de lám. : _bil. ; _c31 cm. |
||
| 490 | 1 | _aGrande bibliothèque de géographie historique | |
| 830 | 0 |
_aGrande bibliothèque de géographie historique _9221561 |
|
| 852 |
_aES-MaACL _jG-4996 _z-- Enc. pasta española |
||
| 999 |
_c155418 _d155418 |
||